000 01386cam a2200301 a 4500
999 _c26534
_d26534
001 15366817
005 20170204150657.0
008 080715s2009 enkaf b 001 0 eng
010 _a 2008031147
020 _a9780521849333 (hardback)
020 _a0521849330 (hardback)
035 _a(OCoLC)ocn236143165
040 _aDLC
_cDLC
_dBTCTA
_dYDXCP
_dYDX
_dCDX
_dC#P
_dBWX
_dBWK
_dDLC
043 _ae-gr---
050 0 0 _aN5650
_b.A78 2009
245 0 0 _aArt in Athens during the Peloponnesian War /
_cedited by Olga Palagia.
260 _aCambridge ;
_aNew York :
_bCambridge University Press,
_c2009.
300 _axvi, 286 p., 8 p. of plates :
_bill. (some col.) ;
_c27 cm.
504 _aIncludes bibliographical references (p. 265-267) and indexes.
650 0 _aArt, Greek
_zGreece
_zAthens
_xThemes, motives.
651 0 _aGreece
_xHistory
_yPeloponnesian War, 431-404 B.C.
_xArt and the war.
700 1 _aPalagia, Olga.
856 4 1 _3Table of contents only
_uhttp://www.loc.gov/catdir/toc/fy0903/2008031147.html
942 _2lcc
_cBOOKS
_hN5650 .A78 2009